| 000 | nam a22 7a 4500 | ||
|---|---|---|---|
| 999 |
_c25946 _d25946 |
||
| 008 | 170201b xxu||||| |||| 00| 0 eng d | ||
| 050 | _aNC1075 .S34G7 1967 | ||
| 245 |
_aDrawings by John Singer Sargent in the Corcoran Gallery of Art / _cedited by Ellen Gross and James Harithas |
||
| 260 |
_aAlhambra, Calif. : _b Borden Pub. Co. _c [1967] |
||
| 300 |
_avarious paging. : _bill. ; _c31cm. |
||
| 650 | _a Corcoran Gallery of Art. | ||
| 700 | _aGross,Ellen | ||
| 700 | _aHarithas ,James | ||
| 942 |
_2lcc _cBOOKS _hNC1075 .S34G7 1967 |
||